Laughing in the shadow of bullets / (Record no. 84874)

MARC details
000 -LEADER
fixed length control field 00481nam a22001817a 4500
005 - DATE AND TIME OF LATEST TRANSACTION
control field 20140610122345.0
010 ## - LCCN (DPL NO)
LC control number ENG-110150
020 ## - INTERNATIONAL STANDARD BOOK NUMBER
International Standard Book Number 9788184301892
Terms of availability 200.00
035 ## - SYSTEM CONTROL NUMBER
System control number EN-93682
037 ## - SOURCE OF ACQUISITION
Source of stock number/acquisition DBAD/PUB
082 ## - DEWEY DECIMAL CLASSIFICATION NUMBER
Classification number S
100 ## - MAIN ENTRY--PERSONAL NAME
Personal name Bali, Sunita
245 ## - TITLE STATEMENT
Title Laughing in the shadow of bullets /
Statement of responsibility, etc by Sunita Bali
260 ## - PUBLICATION, DISTRIBUTION, ETC. (IMPRINT)
Place of publication, distribution, etc New Delhi
Name of publisher, distributor, etc Ocean Books
Date of publication, distribution, etc 2013
270 ## - ADDRESS
Address 4/19 Asaf Ali Road
City New Delhi
Postal code 110002
300 ## - PHYSICAL DESCRIPTION
Extent 136p.
Dimensions 22cm(Hb)
942 ## - ADDED ENTRY ELEMENTS (KOHA)
Source of classification or shelving scheme Dewey Decimal Classification
Item type English Books
Call number suffix BAL
Classification part S
Holdings
Withdrawn status Lost status Not for loan Collection code Home library Current library Date acquired Source of acquisition Cost, normal purchase price Full call number Barcode Copy number Cost, replacement price Koha item type
    Not For Loan Non-fiction D.B.Act.Division D.B.Act.Division 05/06/2014 DBAD/PUB 200.00 BAL EN-93682 1 200.00 English Books

© Delhi Public Library
Hit Counter
free hit counter